| 000 | 00567nam a2200193 a 4500 | ||
|---|---|---|---|
| 005 | 20240430063824.0 | ||
| 008 | 081109s2000 mx r 000 0 spa d | ||
| 020 | _a0821354531 | ||
| 035 | _aUPN01000166400 | ||
| 049 | _aUNE | ||
| 080 | _aOC 330.191.6 (6) =20 "2003" AFR. | ||
| 245 | 0 | 0 | _aAfrican development indicators, 2003. |
| 260 | _aWashington, D.C.: The World Bank , 2003. | ||
| 300 | _axxvi, 410 p.; 28 cm. il., retrs., fot. | ||
| 690 | _aDesarrollo económico y social | ||
| 690 |
_aDatos estadÃsticos _99216 |
||
| 690 | _aAfrica | ||
| 905 | _aUNESCO | ||
| 999 |
_c138511 _d138511 |
||